Agency 2006 (Record no. 77176)

MARC details
000 -LEADER
fixed length control field 00961cab a2200205 4500
001 - CONTROL NUMBER
control field ##L133727
008 - FIXED-LENGTH DATA ELEMENTS--GENERAL INFORMATION
fixed length control field 060606n2006 000 0 eng u
035 ## - SYSTEM CONTROL NUMBER
System control number (Sirsi) u133727
041 0# - LANGUAGE CODE
Language code of text/sound track or separate title eng
100 1# - MAIN ENTRY--PERSONAL NAME
Personal name Stocks, Caroline
245 00 - TITLE STATEMENT
Title Agency 2006
260 ## - PUBLICATION, DISTRIBUTION, ETC.
Date of publication, distribution, etc. 2006
490 #0 - SERIES STATEMENT
Series statement Property Week
Volume/sequential designation 71(22) 2 June 2006, 29-36(8)
520 ## - SUMMARY, ETC.
Summary, etc. Surveys the UK's property services companies, with European and global analysis. Includes league tables ranked by UK turnover and by turnover per fee earner. Also includes league tables for top firms worldwide and in Europe ranked by turnover. Reports on how UK firms are faring after making joint venture alliances with US firms, and on speculation on the trend for multidisciplinary practices to acquire retail agents. Tables and graphs.
590 ## - LOCAL NOTE (RLIN)
Local note IKA200606
651 #4 - SUBJECT ADDED ENTRY--GEOGRAPHIC NAME
Geographic name United Kingdom
Chronological subdivision
690 ## - LOCAL SUBJECT ADDED ENTRY--TOPICAL TERM (OCLC, RLIN)
Topical term or geographic name as entry element PROPERTY-COMMERCIAL PROPERTY-COMMERCIAL PROPERTY AGENCY
700 1# - ADDED ENTRY--PERSONAL NAME
Personal name Eade, Christine
942 ## - ADDED ENTRY ELEMENTS (KOHA)
Suppress in OPAC 0
Holdings
Withdrawn status Lost status Source of classification or shelving scheme Damaged status Not for loan Home library Current library Shelving location Date acquired Total Checkouts Full call number Barcode Date last seen Copy number Price effective from Koha item type
    Dewey Decimal Classification     London London Journal article 06/06/2006   L133727 133727-1001 06/08/2019 1 06/08/2019 Journal article